Holiday Quiz

Random Holiday or Halloween Quiz

Quotes Using Halloween Words Quiz Stats

Quiz Updated Oct 10, 2017

Challenge
Share
Tweet
Embed
Score 0/24 Timer 07:00
0 Plays Today
% Correct
Dead
90.2%
Afraid
89.3%
Haunt
88.5%
Grave
88.5%
Candy
88.2%
Stake
88.2%
Mask
88%
Scare
87.6%
Treat
87.6%
Shadow
87%
Disguise
85.3%
Mummy
85.1%
% Correct
Moonlight
84.5%
Costume
83.5%
Trick
82.4%
Cemetery
81.4%
Soul
72.1%
Witch
71.3%
Boo
66%
Ghost
56.1%
Coffin
49.5%
Pumpkin
47.1%
Phantom
43.4%
Monster
41.4%

You're not logged in!

Compare scores with friends on all Sporcle quizzes.
Sign Up with Email
OR
Log In

You Might Also Like...

Show Comments

Extras

Top Quizzes Today


Score Distribution

Your Account Isn't Verified!

In order to create a playlist on Sporcle, you need to verify the email address you used during registration. Go to your Sporcle Settings to finish the process.

Report this User

Report this user for behavior that violates our Community Guidelines.

Details: